Roof (Record no. 118559)

MARC details
000 -LEADER
fixed length control field 00531cas a22002175a 4500
001 - CONTROL NUMBER
control field L98885
008 - FIXED-LENGTH DATA ELEMENTS--GENERAL INFORMATION
fixed length control field 070619c1975 xxkbr p 0 a0eng
022 1# - INTERNATIONAL STANDARD SERIAL NUMBER
International Standard Serial Number 0307-6911
035 ## - SYSTEM CONTROL NUMBER
System control number (Sirsi) u98885
041 0# - LANGUAGE CODE
Language code of text/sound track or separate title eng
245 00 - TITLE STATEMENT
Title Roof
260 ## - PUBLICATION, DISTRIBUTION, ETC.
Place of publication, distribution, etc. London
Name of publisher, distributor, etc. Shelter
Date of publication, distribution, etc. 1975-
510 2# - CITATION/REFERENCES NOTE
Name of source Knowledge Alert
Location within source 2006
520 ## - SUMMARY, ETC.
Summary, etc. Kept for one year
554 ## -
-- Six per year
651 #4 - SUBJECT ADDED ENTRY--GEOGRAPHIC NAME
Geographic name United Kingdom
Chronological subdivision
690 ## - LOCAL SUBJECT ADDED ENTRY--TOPICAL TERM (OCLC, RLIN)
Topical term or geographic name as entry element Residential property
9 (RLIN) 6266
856 48 - ELECTRONIC LOCATION AND ACCESS
Uniform Resource Identifier <a href="https://www.roofmag.org.uk">https://www.roofmag.org.uk</a>
942 ## - ADDED ENTRY ELEMENTS (KOHA)
Suppress in OPAC 0
948 ## - LOCAL PROCESSING INFORMATION (OCLC); SERIES PART DESIGNATOR (RLIN)
c (OCLC) 16/08/1994
Holdings
Withdrawn status Lost status Source of classification or shelving scheme Damaged status Not for loan Home library Current library Shelving location Date acquired Total Checkouts Full call number Barcode Date last seen Price effective from Koha item type
    Other/Generic Classification Scheme     London London Gallery 28/04/2005   ROOF 98885-1001 06/08/2019 06/08/2019 Journal